Manipal Manual of Instruments / (Record no. 1750)

MARC details
000 -LEADER
Fixed length control field 00673nam a2200229Ia 4500
003 - CONTROL NUMBER IDENTIFIER
Control field IIN
005 - DATE AND TIME OF LATEST TRANSACTION
Control field 20251112124451.0
008 - FIXED-LENGTH DATA ELEMENTS--GENERAL INFORMATION
Fixed length control field 250412s9999 xx ad 001 0 eng d
020 ## - INTERNATIONAL STANDARD BOOK NUMBER / ISBN
Price Rs.495.00
International Standard Book Number 9789354660634
040 ## - CATALOGING SOURCE
Original cataloging agency IIN
Language of cataloging English
082 ## - DEWEY DECIMAL CLASSIFICATION NUMBER
Classification number 610.28
Book Number SHE
245 1# - TITLE STATEMENT
Title Manipal Manual of Instruments /
Statement of responsibility edited by Rajgopal Shenoy K. and Anitha Nileshwar
250 ## - EDITION STATEMENT
Edition statement 2nd ed
260 ## - IMPRINT
Name of publisher CBS
Place of publication New Delhi
Date of publication 2018
300 ## - PHYSICAL DESCRIPTION
Page / Vol. No xii, 306 p.
Other physical details col. ill.
500 ## - GENERAL NOTE
General note Includes Index
650 1# - SUBJECT ADDED ENTRY--TOPICAL TERM
Topical term Medical Surgical
Form subdivision Instruments
650 1# - SUBJECT ADDED ENTRY--TOPICAL TERM
Topical term Instruments of
Form subdivision Manual
700 1# - ADDED ENTRY--PERSONAL NAME
Personal name Shenoy, Rajgopal K. (ed.)
700 1# - ADDED ENTRY--PERSONAL NAME
Personal name Nileshwar, Anitha (ed.)
942 ## - ADDED ENTRY ELEMENTS (KOHA)
Koha item type Books
Holdings
Withdrawn status Lost status Source of classification Damaged status Not for loan Collection code Home library Current library Shelving location Date acquired Price Total Checkouts Call number Accession number Date last seen Price effective from Koha item type
    Dewey Decimal Classification     Purches Book IDEAL INSTITUTE OF NURSING IDEAL INSTITUTE OF NURSING General Stacks 11/03/2025 495.00   610.28 SHE 1895 12/04/2025 12/04/2025 Books
© Ideal Institute Of Nursing, All rights reserved.         Powered by Koha